Born in Edinburgh - Statistics

General Stats
  • This quiz has been taken 59 times
    11 since last reset
  • The average score is 12 of 28
Answer Stats
Hint Answer % Correct
First actor to portray James Bond 1930 Sean Connery
91%
Prime Minister of the United Kingdom from 1997 to 2007 1953 Tony Blair
91%
Inventor, who is credited with patenting the first practical telephone, and co-founder of AT&T 1847 Alexander Graham Bell
73%
Writer and creator of Sherlock Holmes 1859 Arthur Conan Doyle
64%
Former track cyclist and winner of six Olympic gold medals 1976 Chris Hoy
64%
Goalkeeper who plays the Scottish national team and is the captain of Heart of Midlothian (former Celtic and Sunderland goalkeeper) 1982 Craig Gordon
64%
King of Scotland from 1567 and King of England and Ireland from 1603 until his death in 1625 1566 James I
64%
Actor and comedian, "The Two Ronnies" 1930 Ronnie Corbett
64%
Scottish Enlightment philosopher, "A Treatise of Human Nature" 1711 David Hume
55%
Football coach who has managed Scottish national team, Celtic and Southampton and former footballer who played for Scotland, ManU and Leeds 1957 Gordon Strachan
55%
Author, "Trainspotting" 1958 Irving Welsh
55%
Writer, "Treasure Island" "Strange Case of Dr Jekyll and Mr Hyde" 1850 Robert Louis Stevenson
55%
Author, "Ivanhoe" "Heart of Midlothian" 1771 Walter Scott
55%
Author, "The Wind in the Willows" 1859 Kenneth Grahame
45%
Chemist and discoverer of nitrogen 1749 Daniel Rutherford
36%
Middle-distance runner who won the World championship gold medal, an Olympic silver and bronze medal in the 1500 metres 1997 Josh Kerr
36%
Foreign Secretary from 1995 to 1997 and Secretary of Defence from 1992 to 1995 1946 Malcolm Rifkind
36%
Secretary of State for Scotland since 2024 1976 Ian Murray
27%
Scientist responsible for the classical theory of electromagnetic radiation 1831 James Clerk Maxwell
27%
Prosecutor of the International Criminal Court since 2021 1970 Karim Khan
27%
Actor, "Braveheart" "Saw" "The Lost City of Z" 1963 Angus Macfadyen
18%
Chemist who shared the Nobel Prize in Chemistry for the design and synthesis of molecular machines 1942 Fraser Stoddart
18%
Actor, "Game of Thrones" "Resident Evil" "Lara Croft: Tomb Raider" 1961 Iain Glen
18%
Inventor of the steam hammer 1807 James Nasmyth
18%
Actor, "A Monster Calls" "Pan" 2002 Lewis MacDougall
18%
Biologist and pioneer in the field of electron micorscopy of biological molecules, he shared the the Nobel Prize in Chemistry in 2017 1945 Richard Henderson
18%
Actor, "The Descendants" "The Lodge" 1995 Thomas Doherty
18%
Edinburgh City council, who maintained a secret life as a housebreaker. He is said to have been the inspiration for "Strange Case of Dr Jekyll and Mr Hyde" 1741 William Brodie
18%
No matching quizzes found
Score Distribution
Percent of People with Each Score
Percentile by Number Answered
Your Score History
You have not taken this quiz since the last reset